• 首页
  • 本馆介绍
  • 公告通知
  • 最新文献
  • 馆藏检索
  • 电子资源
  • 读者导购
  • 参考咨询
  • 我的图书馆
  • 登录
  • 详细信息显示
  • 放入我的书架
  • 预约/预借图书
  • 作者相关作品
  • 分类相关作品
  • 丛书相关作品
  • 出版社相关作品

书目信息

  • 表格格式
  • 工作单格式
  • 卡片格式
题名:
雕塑
    
 
作者: 林志民 著
分册:  
出版信息: 沈阳   辽宁美术出版社  2001.01
页数: 46页
开本: 26cm
丛书名:
单 册:
中图分类: J31
科图分类:
主题词: 雕塑--(技术)美术
电子资源:
ISBN: 7-5314-2574-2
000 00574nam0 2200217 450
001 0741896501
005 20071215145628.69
010    @a7-5314-2574-2@dCNY20.00
100    @a20071121d2001 km y0chiy0120 ea
101 0  @achi
102    @aCN@b210000
200 1  @a雕塑@Adiao su@f林志民著@Flin zhi min zhu
210    @a沈阳@c辽宁美术出版社@d2001.01
215    @a46页@d26cm
300    @a美术高考百日通
606 0  @a雕塑@x(技术)美术
690    @aJ31@v4
701  0 @a林志民@Alin zhi min@4著
801  0 @aCN@bNISOFT@c20071215
905    @aBZT@dJ31@e2
906    @dCNY20.00@n0@r1
    
    雕塑/林志民著.-沈阳:辽宁美术出版社,2001.01
    46页;26cm
    美术高考百日通
    
    ISBN 7-5314-2574-2:CNY20.00
    
●
相关链接 在五车中查询图书 在当当中查询图书 在豆瓣中查询图书


正题名:雕塑     索取号:J31/2         预约/预借

序号 登录号 条形码 馆藏地/架位号 状态 备注
1 630635   2000630635   中心书库中库/ 中库018架B面7列2层8/ [索取号:J31/2] 在馆    
2 630636   2000630636   中心书库中库/ 中库018架B面7列2层9/ [索取号:J31/2] 在馆    
3 630637   2000630637   中心书库中库/ 中库018架B面7列2层6/ [索取号:J31/2] 在馆    
4 630638   2000630638   中心书库中库/ 中库018架B面7列2层5/ [索取号:J31/2] 在馆    
5 630639   2000630639   中心书库中库/ 中库018架B面7列2层7/ [索取号:J31/2] 在馆    
6 630640   2000630640   中心书库中库/ 中库018架B面7列2层4/ [索取号:J31/2] 在馆    
7 630641   2000630641   中心书库中库/ 中库018架B面5列4层12/ [索取号:J31/2] 在馆    
8 630642   2000630642   中心书库中库/ 中库018架A面5列7层9/ [索取号:J31/2] 在馆    
9 630643   2000630643   中心书库中库/ 中库018架B面7列2层10/ [索取号:J31/2] 在馆    
10 630644   2000630644   中心书库中库/ 中库018架B面7列2层3/ [索取号:J31/2] 在馆    
山东省滨州职业学院图书馆 欢迎您!
大连网信软件有限公司© 版权所有